ARRUPE JESUIT UNIVERSITY

CORONAVIRUS -STOP THE SPREAD - CLEAN,DISINFECT,COVER

The Cambridge companion to Popper / (Record no. 129015)

MARC details
000 -LEADER
fixed length control field 01262cam a2200289 i 4500
001 - CONTROL NUMBER
control field 18813985
003 - CONTROL NUMBER IDENTIFIER
control field ARRUPE
005 - DATE AND TIME OF LATEST TRANSACTION
control field 20190214104531.0
008 - FIXED-LENGTH DATA ELEMENTS--GENERAL INFORMATION
fixed length control field 151009s2016 nyu b 001 0 eng
010 ## - LIBRARY OF CONGRESS CONTROL NUMBER
LC control number 2015038951
020 ## - INTERNATIONAL STANDARD BOOK NUMBER
International Standard Book Number 9780521856454 (hardback : alk. paper)
020 ## - INTERNATIONAL STANDARD BOOK NUMBER
International Standard Book Number 9780521672429 (pbk. : alk. paper)
040 ## - CATALOGING SOURCE
Original cataloging agency DLC
Language of cataloging eng
Transcribing agency DLC
Description conventions rda
Modifying agency DLC
042 ## - AUTHENTICATION CODE
Authentication code pcc
050 00 - LIBRARY OF CONGRESS CALL NUMBER
Classification number B1649.P64
Item number S54 2016
082 00 - DEWEY DECIMAL CLASSIFICATION NUMBER
Classification number 192
Edition number 23
300 ## - PHYSICAL DESCRIPTION
Dimensions 24 cm.
245 14 - TITLE STATEMENT
Title The Cambridge companion to Popper /
Statement of responsibility, etc edited by Jeremy Shearmur, Australian National University, Geoffrey Stokes, RMIT University.
260 ## - PUBLICATION, DISTRIBUTION, ETC. (IMPRINT)
Place of publication, distribution, etc Cambridge
Name of publisher, distributor, etc Cambridge University Press
Date of publication, distribution, etc 2016
300 ## - PHYSICAL DESCRIPTION
Extent x, 394 pages ;
490 0# - SERIES STATEMENT
Series statement Cambridge companions to philosophy
504 ## - BIBLIOGRAPHY, ETC. NOTE
Bibliography, etc Includes bibliographical references and index.
600 10 - SUBJECT ADDED ENTRY--PERSONAL NAME
Personal name Popper, Karl R.
Fuller form of name (Karl Raimund),
Dates associated with a name 1902-1994.
9 (RLIN) 44678
906 ## - LOCAL DATA ELEMENT F, LDF (RLIN)
a 7
b cbc
c orignew
d 1
e ecip
f 20
g y-gencatlg
942 ## - ADDED ENTRY ELEMENTS (KOHA)
Source of classification or shelving scheme Library of Congress Classification
Koha item type Monograph ( Printed materials)
Holdings
Withdrawn status Lost status Source of classification or shelving scheme Damaged status Not for loan Collection code Home library Current library Shelving location Date acquired Total Checkouts Full call number Barcode Date last seen Date checked out Price effective from Koha item type
    Library of Congress Classification     Main Collection ARRUPE LIBRARY ARRUPE LIBRARY Main Collection 14/02/2019 2 B1649.P64 S54 2016 46600003793 13/11/2019 12/11/2019 14/02/2019 Monograph ( Printed materials)

 

Arrupe Library. PO Box MP320 Mt Pleasant, Harare, Zimbabwe
263 242 745411|librarian@aju.ac.zw